| 000 | 00481cam a2200205ua 4500 | ||
|---|---|---|---|
| 001 | 7511 | ||
| 008 | 141212n ii |||gr||||Z||||||ben | ||
| 020 | _a8177564595 | ||
| 040 | _cMAIN | ||
| 041 | _aben | ||
| 082 | _a294.5 | ||
| 100 |
_aGhosh, C., _eAuthor. |
||
| 245 | 1 |
_aJagananath tumake pronam _cBy Chansalkumar Ghosh |
|
| 250 | _a1st. | ||
| 260 |
_aCalcutta: _bAnanda, _c2005. |
||
| 300 | _a118p. | ||
| 653 | _aReligions ofIndic origin | ||
| 653 | _aHinduism | ||
| 942 | _cBK | ||
| 999 |
_c6634 _d6634 |
||